00565 2200217 4500001002100000005001500021035002000036007000300056008004100059020001800100082001200118084001800130100002100148245005700169250001200226260004300238300002300281650001700304990001400321990001200335INLIS00000000000775320260520071756 a0010-0526000004ta260520 | | ind  a979-497-073-5 a636.514 a636.514 RAS m1 aRasyaf, Muhammad1 aManajemen Peternakan Ayam Kampung /cMuhammad Rasyaf aCet. 10 aYogyakarta :bPenerbit Kanisius,c2010 a235 hlm ;c20.5 cm 4aAyam Kampung a3934.2/23 a3934/23